| 000 | 00435nam a22001817a 4500 | ||
|---|---|---|---|
| 005 | 20230130153717.0 | ||
| 008 | 230130b |||||||| |||| 00| 0 eng d | ||
| 020 | _a9788185731872 | ||
| 041 | _aeng | ||
| 082 | _a615 JAI-F | ||
| 100 | _aJAIN ,N K | ||
| 245 | _aA TEXT BOOK OF FORENSIC PHARMACY | ||
| 250 | _a8th ed. | ||
| 260 |
_bVALLABH PRAKASHAN _c2020 |
||
| 300 | _a520;P. | ||
| 650 |
_aPHARMACY _xB.PHARMA _97083 |
||
| 942 | _cBK | ||
| 999 |
_c8228 _d8226 |
||